Poda
Recopilación de poesía escrita entre los años 1923-1928, en el transcurso de estos años, Blanco escribe las vivencias entre los 27 y 32 años de edad, haciendo mención a lo personal, lo geográfico, lo tradicionista, lo juvenil, el amor, lo filial y principalmente al contexto sangriento del continente...
Bewaard in:
| Hoofdauteur: | |
|---|---|
| Formaat: | Boek |
| Taal: | Undetermined |
| Gepubliceerd in: |
México, Distrito Federal
Yocoima
1956
|
| Editie: | 5 |
| Onderwerpen: | |
| Tags: |
Voeg label toe
Geen labels, Wees de eerste die dit record labelt!
|
MARC
| LEADER | 00000nam a2200000Ia 4500 | ||
|---|---|---|---|
| 008 | 170316s9999 xx 000 0 und d | ||
| 040 | |a cru BVZT | ||
| 090 | |a 860 B-28p | ||
| 100 | |a Blanco, Andrés Eloy |9 1334 | ||
| 245 | |a Poda | ||
| 250 | |a 5 | ||
| 260 | |a México, Distrito Federal | ||
| 260 | |b Yocoima | ||
| 260 | |c 1956 | ||
| 300 | |a 285 páginas | ||
| 520 | |a Recopilación de poesía escrita entre los años 1923-1928, en el transcurso de estos años, Blanco escribe las vivencias entre los 27 y 32 años de edad, haciendo mención a lo personal, lo geográfico, lo tradicionista, lo juvenil, el amor, lo filial y principalmente al contexto sangriento del continente y de Venezuela como país en la lucha por la democracia. Algunos de los títulos que se pueden encontrar son: Canto a España, El limonero del Señor, La vaca blanca, La renuncia, El dulce mal. | ||
| 650 | |a LITERATURA LATINOAMERICANA |9 15 | ||
| 999 | |c 8412 |d 8412 | ||
| 942 | |c 15 D |h 860 B-28p |2 z | ||
